Spell the Fantastic Four Member #8 - Statistics

General Stats
  • This quiz has been taken 16 times
  • The average score is 11 of 16
Answer Stats
Picture Answer % Correct
Spider-Man
100%
Ant-Man
93%
Iceman
93%
Invisible Woman
93%
Thing
93%
Franklin Richards
79%
Mister Fantastic
79%
Energizer
71%
Moon Girl
71%
Namorita
71%
Shuri
71%
Thundra
71%
Triton
57%
Roz Solomon
43%
Asha
14%
Citadel
14%
No matching quizzes found
Score Distribution
Percent of People with Each Score
Percentile by Number Answered
Your Score History
You have not taken this quiz